ARRUPE JESUIT UNIVERSITY

CORONAVIRUS -STOP THE SPREAD - CLEAN,DISINFECT,COVER

The afterlife is where we come from : (Record no. 129341)

MARC details
000 -LEADER
fixed length control field 01727cam a2200373 a 4500
001 - CONTROL NUMBER
control field 13196247
003 - CONTROL NUMBER IDENTIFIER
control field ARRUPE
005 - DATE AND TIME OF LATEST TRANSACTION
control field 20190401101838.0
008 - FIXED-LENGTH DATA ELEMENTS--GENERAL INFORMATION
fixed length control field 030513s2004 iluab b 001 0 eng
010 ## - LIBRARY OF CONGRESS CONTROL NUMBER
LC control number 2003011146
020 ## - INTERNATIONAL STANDARD BOOK NUMBER
International Standard Book Number 0226305015 (cloth : alk. paper)
020 ## - INTERNATIONAL STANDARD BOOK NUMBER
International Standard Book Number 0226305023 (pbk. : alk. paper)
040 ## - CATALOGING SOURCE
Original cataloging agency DLC
Transcribing agency DLC
Modifying agency DLC
042 ## - AUTHENTICATION CODE
Authentication code pcc
043 ## - GEOGRAPHIC AREA CODE
Geographic area code f-iv---
050 00 - LIBRARY OF CONGRESS CALL NUMBER
Classification number DT545.45.B45
Item number G65 2004
082 00 - DEWEY DECIMAL CLASSIFICATION NUMBER
Classification number 306.874/089/9643
Edition number 21
300 ## - PHYSICAL DESCRIPTION
Other physical details ill., maps ;
Dimensions 24 cm.
100 1# - MAIN ENTRY--PERSONAL NAME
Personal name Gottlieb, Alma.
9 (RLIN) 45654
245 14 - TITLE STATEMENT
Title The afterlife is where we come from :
Remainder of title the culture of infancy in West Africa /
Statement of responsibility, etc Alma Gottlieb.
260 ## - PUBLICATION, DISTRIBUTION, ETC. (IMPRINT)
Place of publication, distribution, etc Chicago :
Name of publisher, distributor, etc University of Chicago Press,
Date of publication, distribution, etc 2004.
300 ## - PHYSICAL DESCRIPTION
Extent xxv, 403 p. :
504 ## - BIBLIOGRAPHY, ETC. NOTE
Bibliography, etc Includes bibliographical references (p. 335-384) and index.
650 #0 - SUBJECT ADDED ENTRY--TOPICAL TERM
Topical term or geographic name as entry element Beng (African people)
General subdivision Social conditions.
9 (RLIN) 45655
650 #0 - SUBJECT ADDED ENTRY--TOPICAL TERM
Topical term or geographic name as entry element Beng (African people)
General subdivision Psychology.
9 (RLIN) 45656
650 #0 - SUBJECT ADDED ENTRY--TOPICAL TERM
Topical term or geographic name as entry element Beng (African people)
General subdivision Kinship.
9 (RLIN) 45657
650 #0 - SUBJECT ADDED ENTRY--TOPICAL TERM
Topical term or geographic name as entry element Infants
General subdivision Care
Geographic subdivision Côte d'Ivoire.
9 (RLIN) 45658
650 #0 - SUBJECT ADDED ENTRY--TOPICAL TERM
Topical term or geographic name as entry element Infants
General subdivision Development
Geographic subdivision Côte d'Ivoire.
9 (RLIN) 45659
650 #0 - SUBJECT ADDED ENTRY--TOPICAL TERM
Topical term or geographic name as entry element Child rearing
Geographic subdivision Côte d'Ivoire.
9 (RLIN) 45660
856 42 - ELECTRONIC LOCATION AND ACCESS
Materials specified Publisher description
Uniform Resource Identifier <a href="http://www.loc.gov/catdir/description/uchi051/2003011146.html">http://www.loc.gov/catdir/description/uchi051/2003011146.html</a>
856 42 - ELECTRONIC LOCATION AND ACCESS
Materials specified Contributor biographical information
Uniform Resource Identifier <a href="http://www.loc.gov/catdir/bios/uchi051/2003011146.html">http://www.loc.gov/catdir/bios/uchi051/2003011146.html</a>
856 41 - ELECTRONIC LOCATION AND ACCESS
Materials specified Table of contents
Uniform Resource Identifier <a href="http://www.loc.gov/catdir/toc/ecip044/2003011146.html">http://www.loc.gov/catdir/toc/ecip044/2003011146.html</a>
906 ## - LOCAL DATA ELEMENT F, LDF (RLIN)
a 7
b cbc
c orignew
d 1
e ecip
f 20
g y-gencatlg
942 ## - ADDED ENTRY ELEMENTS (KOHA)
Source of classification or shelving scheme Library of Congress Classification
Koha item type Monograph ( Printed materials)
Holdings
Withdrawn status Lost status Source of classification or shelving scheme Damaged status Not for loan Collection code Home library Current library Shelving location Date acquired Total Checkouts Full call number Barcode Date last seen Price effective from Koha item type
    Library of Congress Classification     Main Collection ARRUPE LIBRARY ARRUPE LIBRARY Main Collection 01/04/2019   DT545.45.B45 G65 2004 46600004441 01/04/2019 01/04/2019 Monograph ( Printed materials)

 

Arrupe Library. PO Box MP320 Mt Pleasant, Harare, Zimbabwe
263 242 745411|librarian@aju.ac.zw